| 000 | 00976nam a2200241 a 4500 | ||
|---|---|---|---|
| 005 | 20260112063258.0 | ||
| 020 | _a8178240807 | ||
| 020 | _a9788178240800 | ||
| 039 |
_a202111081239 _bstaff _c201206280134 _d staff _c201007140143 _d staff _c201007140142 _d staff _y 201007140130 _z staff |
||
| 082 |
_a305.5688 _bJAF [ Shelf 18 ] |
||
| 100 | _aJaffrelot, Christophe. | ||
| 245 |
_aIndia's silent revolution : _bthe rise of the lower castes in North Indian Politics / _cChristophe Jaffrelot. |
||
| 260 |
_aDelhi : _bPermanent Black, _cc2003. |
||
| 300 |
_axiv, 505 p. ; _c22 cm. |
||
| 504 | _aIncludes bibliographical references (p. 497-500) and index. | ||
| 650 |
_aDalits _x Political activity _z India. |
||
| 650 |
_aCaste _z India. |
||
| 651 |
_aIndia _x Politics and government _y 1947- |
||
| 651 |
_aIndia _x Social conditions _y 1947- |
||
| 991 | _aVIRTUA40 | ||
| 991 | _aVTLSSORT0080*0200*0201*0820*1000*2450*2600*3000*5040*6500*6501*6510*6511*9992 | ||
| 909 | _a3412 | ||
| 999 |
_c3011 _d3011 |
||